| 000 | 00486nam a2200169Ia 4500 | ||
|---|---|---|---|
| 008 | 220216s9999 xx 000 0 und d | ||
| 100 | _aSebastian T.[b] | ||
| 245 | 0 | _aSeedling progeny analysis for estimation of prepotency in exotic Hevea clones | |
| 260 |
_bIndian Journal of Botanical Research _c2005 |
||
| 300 | _a279-288 | ||
| 650 | _aExotic clone | ||
| 650 | _aPrepotency | ||
| 650 | _aProgeny analysis | ||
| 650 | _aSeedling | ||
| 700 | _aSaraswathyamma C.K. | ||
| 942 | _cBS | ||
| 999 |
_c51582 _d51582 |
||